[Given, If, Then] : (Record no. 91218)

MARC details
000 -LEADER
fixed length control field 02463nam a2200253Ii 4500
008 - FIXED-LENGTH DATA ELEMENTS--GENERAL INFORMATION
fixed length control field 221202s xx 000 0 und d
100 1# - MAIN ENTRY--PERSONAL NAME
Personal name Fernando, Jeremy,
Relator term author
245 #0 - TITLE STATEMENT
Title [Given, If, Then] :
Remainder of title A Reading in Three Parts
264 #1 - PRODUCTION, PUBLICATION, DISTRIBUTION, MANUFACTURE, AND COPYRIGHT NOTICE
Place of production, publication, distribution, manufacture Brooklyn, NY
Name of producer, publisher, distributor, manufacturer punctum books
Date of production, publication, distribution, manufacture, or copyright notice 2015
300 ## - PHYSICAL DESCRIPTION
Extent 1 online resource (116 pages)
336 ## - CONTENT TYPE
Content type term text
Content type code txt
Source rdacontent
337 ## - MEDIA TYPE
Media type term computer
Media type code c
Source rdamedia
338 ## - CARRIER TYPE
Carrier type term online resource
Carrier type code cr
Source rdacarrier
520 ## - SUMMARY, ETC.
Summary, etc. [Given, If, Then] attempts to conceive a possibility of reading, through a set of readings: reading being understood as the relation to an Other that occurs prior to any semantic or formal identification, and, therefore, prior to any attempt at assimilating, or appropriating, what is being read to the one who reads. As such, it is an encounter with an indeterminable Other, an Other who is other than other - an unconditional relation, and thus a relation to no fixed object of relation. The first reading by Jeremy Fernando, "Blind Reading," unfolds through an attempt to speak of reading as an event. Untheorisable in itself, it is a positing of reading as reading, through reading, where texts are read as a test site for reading itself. As such, it is a meditation on the finitude and exteriority in literature, philosophy, and knowledge; where blindness is both the condition and limit of reading itself. Folded into, or in between, this (re)reading are a selection of photographs from Jennifer Hope Davy's image archive. They are on the one hand simply a selection of 'impartial pictures' taken, and on the other hand that which allow for something singular and, therefore, always other to dis/appear - crossing that borderless realm between 'some' and 'some-thing.' Eventually, there is a writing on images on writings by Julia Hölzl. A responding to the impossible response, a re-iteration, a re-reading of what could not have been written, a re-writing of what could not have been read; these poems, if one were to name them such, name them as such, answer (to) the impossibility of answering: answer to no call.
653 ## - INDEX TERM--UNCONTROLLED
Uncontrolled term Art
653 ## - INDEX TERM--UNCONTROLLED
Uncontrolled term Literature
653 ## - INDEX TERM--UNCONTROLLED
Uncontrolled term Philosophy
653 ## - INDEX TERM--UNCONTROLLED
Uncontrolled term Photography
653 ## - INDEX TERM--UNCONTROLLED
Uncontrolled term Poetry
700 1# - ADDED ENTRY--PERSONAL NAME
Personal name Davy, Jennifer Hope
700 1# - ADDED ENTRY--PERSONAL NAME
Personal name Hölzl, Julia
856 ## - ELECTRONIC LOCATION AND ACCESS
Uniform Resource Identifier <a href="https://docs.google.com/spreadsheets/d/1yKIrdCPDAG_9c22mwoOIO2DOhtj65Wqa/edit?usp=sharing&ouid=106555315294820607512&rtpof=true&sd=true ">https://docs.google.com/spreadsheets/d/1yKIrdCPDAG_9c22mwoOIO2DOhtj65Wqa/edit?usp=sharing&ouid=106555315294820607512&rtpof=true&sd=true </a>
Link text List of Curated E-Books
942 ## - ADDED ENTRY ELEMENTS (KOHA)
Koha item type E-Book

No items available.

University of Rizal System
Email us at univlibservices@urs.edu.ph

Visit our Website www.urs.edu.ph/library